000 00634nam a2200301Ia 4500
005 20260401122151.0
008 008 250103s9999 xx 000 0 eng d
020 _a8172017790
037 _aTB
040 _aEDL
040 _beng
040 _cEDL
041 _2eng
041 _aeng
084 _a891.2 KAW
084 _qEDL
100 _aKawthekar, P.N.
_91232782
245 0 _aBilhana
245 0 _cKawthekar, P.N.
260 _aNew Delhi
260 _bSahitya Akademi
260 _c1995
300 _a90p
942 _cTB
942 _h891.2 KAW
999 _c1845379
_d1845379